Upkar's UGC NET/JRF/SET commerce : (Record no. 138772)

MARC details
000 -LEADER
fixed length control field 00762nam a22002057a 4500
005 - DATE AND TIME OF LATEST TRANSACTION
control field 20170411152606.0
010 ## - LCCN (DPL NO)
LC control number B-670043
020 ## - INTERNATIONAL STANDARD BOOK NUMBER
Terms of availability 515.00
International Standard Book Number 9789350135754
035 ## - SYSTEM CONTROL NUMBER
System control number B-670043
037 ## - SOURCE OF ACQUISITION
Source of stock number/acquisition CL/RP/K.K. Publications
082 ## - DEWEY DECIMAL CLASSIFICATION NUMBER
Classification number 381
100 ## - MAIN ENTRY--PERSONAL NAME
Personal name Koli,L.N.
245 ## - TITLE STATEMENT
Title Upkar's UGC NET/JRF/SET commerce :
Statement of responsibility, etc by L.N. Koli [and] Madan Singh
Remainder of title paper II & III /
260 ## - PUBLICATION, DISTRIBUTION, ETC. (IMPRINT)
Place of publication, distribution, etc Agra
Name of publisher, distributor, etc Upkar Prakashan
Date of publication, distribution, etc (201?)
270 ## - ADDRESS
Address 2/11A, Swadeshi Bima Nagar
City Agra
Postal code 282002
300 ## - PHYSICAL DESCRIPTION
Extent vii,688p.
Dimensions 24cm(pbk)
700 ## - ADDED ENTRY--PERSONAL NAME
Personal name Madan Singh
942 ## - ADDED ENTRY ELEMENTS (KOHA)
Source of classification or shelving scheme Dewey Decimal Classification
Item type Hindi Books
Classification part 381
Call number suffix KOL
Holdings
Withdrawn status Lost status Not for loan Collection code Home library Current library Date acquired Source of acquisition Cost, normal purchase price Full call number Barcode Copy number Cost, replacement price Koha item type
      Non-fiction Central Library Central Library 11/04/2017 K.K. Publications/BL323/24.3.2017/RP6/9.3.2017/28.3.2017 515.00 381 KOL B-670043 1 515.00 Hindi Books

© Delhi Public Library
Hit Counter
free hit counter